000 00415nam a2200157Ia 4500
008 160316s2000 xxu||||| |||| 00| 0 eng d
082 _a342.066000
_bMAL
100 _aMallick M R
245 _aService law in India
250 _a
260 _aCalcutta
_bEastern Law House
_c2000
300 _a874p
_b
_c
365 _bRs.725
650 _a1. Service Laws - India 2. Public Employment Laws - India
700 _a
_a
999 _c15294
_d15294